| 000 | 00479nam a2200157 4500 | ||
|---|---|---|---|
| 001 | 111924 | ||
| 003 | ES-MaACL | ||
| 007 | t| | ||
| 008 | 061121s1981 sp r ||||1| spa d | ||
| 100 | 1 |
_aNavarro, Francisco. _985066 |
|
| 245 | 1 | 0 |
_aAportación al estudio del trabajo en el sector agrario / _cFrancisco Navarro. |
| 260 |
_aMadrid : _b[s.n.], _c1981 ( _fGráf. PGB) |
||
| 300 |
_a60 p. ; _c24 cm. |
||
| 852 |
_aES-MaACL _jL-399 _bR.101298 |
||
| 852 |
_aES-MaACL _jL-398 _bR.101299 |
||
| 999 |
_c111924 _d111924 |
||